000
00309nam a22001457a 4500
008
210526b ||||| |||| 00| 0 eng d
020
_a
9780470550472
041
_a
eng
080
_a
37
082
_a
37
100
_a
46
101
_a
EDU
245
_a
Teach like a Champion
_c
Doug Lemov
942
_2
udc
_c
BK
999
_c
57663
_d
57663